[Event "It (open)"]
[Site "masterchessopen.com Bad Woerishofen (Germany)"]
[Round "3"]
[White "Seifert Volker (GER)"]
[Black "Boehm Roland (GER)"]
[Result "1-0"]
[WhiteElo "2277"]
[BlackElo "2068"]

1.d4 Nf6 2.c4 e6 3.Nc3 Bb4 4.Qc2 d5 5.a3 Bxc3+ 6.Qxc3 Ne4 7.Qc2 c5 8.dxc5 Nc6
9.Nf3 Qa5+ 10.Nd2 O-O 11.e3 Nxc5 12.cxd5 exd5 13.b4 Nxb4 14.axb4 Qxa1 15.bxc5
Bf5 16.Qb2 Qa5 17.Qd4 Rfd8 18.Bb2 f6 19.g4 Be4 20.Rg1 Qc7 21.g5 f5 22.Rg3 b6
23.c6 Rd6 24.Bb5 a6 25.Ba4 Re8 26.Kf1 f4 27.exf4 Rde6 28.Nxe4 Rxe4 29.Qxd5+
Kh8 30.Bc2 Re1+ 31.Kg2 Qxf4 32.Qd3 R8e4 33.Qc3 Re7 34.Qd3 R1e4 35.Qd8+ Re8
36.c7 Re2 37.Bd4 Qf8 38.Qd7 Rxc2 39.Bxg7+ Qxg7 40.Qxe8+ Qg8 41.Qd8 Rc6 42.Re3
{#r} 1-0

[Event "It (cat.2) (a)"]
[Site "masterchessopen.com Budapest (Hungary)"]
[Round "13"]
[White "Khechumyan Gagik (ARM)"]
[Black "Sendur Adnan (TUR)"]
[Result "1-0"]
[WhiteElo "2315"]
[BlackElo "2411"]

1.d4 Nf6 2.c4 e6 3.Nc3 Bb4 4.Qc2 d5 5.a3 Bxc3+ 6.Qxc3 Ne4 7.Qc2 c5 8.Nf3 Qa5+
9.Nd2 Nc6 10.dxc5 Nxd2 11.Bxd2 Qxc5 12.e3 dxc4 13.Bxc4 O-O 14.O-O Bd7 15.b4
Qh5 16.Bc3 Rfc8 17.Be2 Qg6 18.Bd3 Qh5 19.Rad1 Be8 20.Qb2 f6 21.f4 Ne7 22.e4
Bb5 23.Bxb5 Qxb5 24.Bxf6 gxf6 25.Qxf6 Qb6+ 26.Kh1 Rc7 27.Qg5+ Kf8 28.Qf6+ Kg8
29.Qg5+ Kf8 30.Rf3 Ng6 31.f5 exf5 32.exf5 Ne7 33.Rg3 Qf2 34.Qf6+ Ke8 35.Qh8+
Kf7 36.Rg7+ Kf6 {#r} 1-0

[Event "Cup European Club (final)"]
[Site "masterchessopen.com Panormo (Greece)"]
[Round "6"]
[White "Jedynak Radoslaw (POL)"]
[Black "Thorfinnsson Bjorn (ISL)"]
[Result "1-0"]
[WhiteElo "2390"]
[BlackElo "2248"]

1.d4 Nf6 2.c4 e6 3.Nc3 Bb4 4.Qc2 d5 5.a3 Bxc3+ 6.Qxc3 Ne4 7.Qc2 Nc6 8.e3 e5
9.cxd5 Qxd5 10.Bc4 Qa5+ 11.b4 Nxb4 12.Qxe4 Nc2+ 13.Ke2 Qe1+ 14.Kf3 Nxa1 15.Bb2
O-O 16.Kg3 Kh8 17.dxe5 Be6 18.Nf3 Qxh1 19.Ng5 g6 20.Nxf7+ Rxf7 21.Bxe6 Rg7
22.Bf7 Qd1 23.e6 h5 24.Qxg6 Qg4+ 25.Qxg4 hxg4 26.Bxa1 Kh7 27.Bxg7 Kxg7 28.Kxg4
c5 29.Kg5 c4 30.Bg6 c3 31.f4 Rd8 32.e7 Rg8 33.f5 Kh8 34.f6 {#r} 1-0

[Event "It (open)"]
[Site "masterchessopen.com Polanica Zdroj (Poland)"]
[Round "8"]
[White "Jedynak Radoslaw (POL)"]
[Black "Anuszkiewicz Konrad (POL)"]
[Result "0-1"]
[WhiteElo "2390"]
[BlackElo "2235"]

1.d4 Nf6 2.c4 e6 3.Nc3 Bb4 4.Qc2 d5 5.a3 Bxc3+ 6.Qxc3 Ne4 7.Qc2 Nc6 8.e3 e5
9.cxd5 Qxd5 10.Bc4 Qa5+ 11.b4 Nxb4 12.Qxe4 Nc2+ 13.Ke2 Qe1+ 14.Kf3 Nxa1 15.Bb2
O-O 16.dxe5 Be6 17.Kg3 Bxc4 18.Qxc4 Qb1 19.Qc3 Qg6+ 20.Kf3 f6 {#R} 0-1

[Event "Tournament (Elo)"]
[Site "masterchessopen.com Budapest (Hungary)"]
[Round "3"]
[White "Hofmann Christian (GER)"]
[Black "Vargyas Zoltan (HUN)"]
[Result "0-1"]
[WhiteElo "2061"]
[BlackElo "2151"]

1.d4 Nf6 2.c4 e6 3.Nc3 Bb4 4.Qc2 d5 5.a3 Bxc3+ 6.Qxc3 Ne4 7.Qc2 Nc6 8.e3 e5
9.dxe5 Bf5 10.Qa4 Nc5 11.Qd1 dxc4 12.Qxd8+ Rxd8 13.Bxc4 Nxe5 14.Ba2 Ncd3+
15.Ke2 Nxc1+ 16.Rxc1 Bd3+ 17.Ke1 Be4 18.Kf1 Rd2 19.Bb1 Bd3+ 20.Ke1 Rxb2 21.f4
Bxb1 22.fxe5 O-O 23.Nf3 Bd3 24.Rg1 Rc8 25.Rc3 Be4 26.Nd2 Bc6 27.Kd1 Rd8 28.Rc2
Ba4 {#R} 0-1

[Event "Memorial Karl Mala (open)"]
[Site "masterchessopen.com Frankfurt (Germany)"]
[Round "4"]
[White "Koellner Ulrich (GER)"]
[Black "Poetsch Hagen (GER)"]
[Result "1-0"]
[WhiteElo "1865"]
[BlackElo "2401"]

1.d4 e6 2.c4 Nf6 3.Nc3 Bb4 4.Qc2 d5 5.a3 Bxc3+ 6.Qxc3 Ne4 7.Qc2 c5 8.dxc5 Nc6
9.e3 Qa5+ 10.Bd2 Nxd2 11.Qxd2 Qxd2+ 12.Kxd2 dxc4 13.Bxc4 b6 14.cxb6 axb6
15.Bb5 Bb7 16.Rc1 Rc8 17.Nf3 Ke7 18.Rhd1 Na5 19.Ke2 Nb3 20.Rd7+ Kf6 21.Rxc8
Bxc8 22.Rd6 Bb7 23.Rxb6 Rb8 24.Ke1 Nc5 25.b4 Ne4 26.Bc6 Nd6 27.Bxb7 Nxb7 28.a4
Ke7 29.a5 Kd8 30.a6 Kc7 31.Rxb7+ Rxb7 32.axb7 Kxb7 33.Kd2 Kc6 34.Kc3 Kd5
35.Ng5 f6 36.Nxh7 Kd6 37.Kc4 Ke7 38.b5 Kf7 39.b6 Kg8 40.Nxf6+ gxf6 41.b7 Kf7
42.b8=Q Kg6 43.Kd4 e5+ 44.Ke4 f5+ 45.Kxe5 Kf7 46.Qd6 Kg7 47.Kxf5 Kf7 48.Qd7+
Kf8 49.Kg6 Kg8 50.Qc8# 1-0

[Event "It (open)"]
[Site "masterchessopen.com Skopje (Macedonia)"]
[Round "6"]
[White "Ivanisevic Ivan (SRB)"]
[Black "Mitkov Marjan (MKD)"]
[Result "1-0"]
[WhiteElo "2555"]
[BlackElo "2408"]

1.d4 Nf6 2.c4 e6 3.Nc3 Bb4 4.Qc2 d5 5.a3 Bxc3+ 6.Qxc3 Ne4 7.Qc2 c5 8.dxc5 Nc6
9.cxd5 exd5 10.Nf3 Bf5 11.b4 O-O 12.Qb2 a5 13.b5 Ne7 14.Be3 a4 15.Bd4 Qa5+
16.Qb4 Rfc8 17.Nd2 Qxb4 18.axb4 a3 19.f3 Nxd2 20.Kxd2 Ra4 21.Kc3 a2 22.e3 Bb1
23.g4 Ng6 24.b6 Ra3+ 25.Kb2 Raa8 26.Be2 Ne7 27.b5 Ra4 28.Rc1 Rca8 29.Rc3 Re8
30.c6 {#r} 1-0

[Event "It (cat.19)"]
[Site "masterchessopen.com Wijk aan Zee (Netherlands)"]
[Round "8"]
[White "Bareev Evgeny (RUS)"]
[Black "Timman Jan H (NED)"]
[Result "1-0"]
[WhiteElo "2715"]
[BlackElo "2602"]

{ Bareev Evgeny (RUS) +0 =0 -1 Timman Jan H (NED) +2 =0 -1 } 1.d4 Nf6 2.c4 e6
3.Nc3 Bb4 4.Qc2 d5 5.a3 Bxc3+ 6.Qxc3 Ne4 7.Qc2 c5 ( 7...Nc6 8.e3 e5 9.cxd5
Qxd5 10.Bc4 Qa5+ 11.b4 Nxb4 12.Qxe4 Nc2+ 13.Ke2 Qe1+ 14.Kf3 Nxa1 15.Bb2 O-O
16.Kg3 Kh8 17.Nf3 Qxh1 18.Ng5 f5 19.Qxe5 Bd7 20.Nf7+ Rxf7 21.Bxf7 f4+ 22.exf4
Qd1 23.f3 Nc2 24.Bc3 Qd3 25.d5 Rg8 26.Kf2 Qa6 27.Bxg8 { ...0-1, Hillarp
Persson Tiger 2445 - Timman Jan H 2625 , Copenhagen 1997 It (open) } ) 8.dxc5
Nc6 9.cxd5 ( 9.Nf3 Qa5+ 10.Nd2 Nd4 11.Qd3 e5 12.b4 Qa4 13.Ra2 Nxd2 ( 13...Bf5
14.f3 Nf2 15.Qe3 { ! ? } ) 14.Rxd2 { ? } ( 14.Qxd2 a5 15.e3 Nb3 16.Qc2 axb4
17.cxd5 Nxc1 18.Qxc1 O-O { ? } ) 14...Bf5 15.Qe3 O-O-O { ! } 16.g4 Qc2 { ! }
17.Rxd4 exd4 18.Qd2 Qxd2+ 19.Bxd2 Be4 20.f3 Bg6 { ? } 21.cxd5 Rxd5 22.Bg2 f6
23.Kf2 h5 24.Bf4 Bc2 25.h4 Re8 26.Rc1 Ba4 27.gxh5 Rxh5 28.Bg3 Re3 { ...0-1,
Bareev Evgeny 2675 - Ivanchuk Vassily 2695 , Novgorod 1994 It (cat.19) } )
9...exd5 10.Nf3 Qa5+ ( 10...Bf5 11.b4 d4 12.g4 Bg6 13.Qc4 d3 14.Bg2 Qf6 15.Ra2
Ne5 16.Qb5+ Nc6 17.Qc4 Ne5 18.Qb5+ Nc6 { 1/2-1/2, Kramnik Vladimir 2760 -
Anand Viswanathan 2771 , Dortmund 1999 It (cat.19) } ) 11.Bd2 { = } 11...Qxc5
12.Qxc5 Nxc5 { +0.52 CAP } 13.Rc1 { N } ( 13.Rd1 Be6 14.e3 O-O 15.Bb5 Rfc8 (
15...Rfd8 16.O-O Rac8 17.Bc3 a6 18.Be2 h6 19.h3 Rd7 20.Bd4 Nb3 21.Bb6 Ne7
22.Nd4 Nxd4 23.Bxd4 Nf5 24.Bc3 Nd6 25.Bd3 f6 26.f3 Kf7 27.Rfe1 Rdc7 28.Kf2 Rc6
29.Re2 Nc4 30.Bd4 Nd6 31.a4 Rc1 32.Rxc1 Rxc1 { ...1/2-1/2, Ivanov Sergey 2515
- Epishin Vladimir 2620 , St. Petersburg 1996 Ch St. Petersburg } ) 16.O-O h6
17.h3 Rc7 18.Rc1 Nb3 19.Rc3 Nxd2 20.Nxd2 Rcc8 21.Bxc6 bxc6 22.Rfc1 Rcb8 23.b3
Bd7 24.Nf3 a5 25.Nd4 Ra6 26.f3 Kf8 27.Kf2 Ke7 28.Ke2 Kd6 29.Kd2 Re8 30.Ke2 Rb8
31.Kf2 Re8 32.R1c2 Rb8 { ...1/2-1/2, Khalifman Alexander 2655 - Yudasin Leonid
2630 , Vilnius 1995 Cup European Club } ) ( 13.Be3 Ne4 ( 13...Nb3 14.Rd1 Be6
15.Rd3 Nba5 16.g3 O-O 17.Bg2 Rfd8 18.Nd4 Nxd4 19.Bxd4 Bf5 20.Rc3 Nc6 21.e3
Rac8 22.Kd2 Nxd4 23.exd4 Rxc3 24.bxc3 Kf8 25.h3 Rd6 26.g4 Bd7 27.f4 b6 28.Re1
Bb5 29.g5 f6 30.h4 Bd7 31.Bf3 h6 32.gxh6 gxh6 { ...1/2-1/2, Ivanov Sergey 2545
- Balashov Yuri S 2490 , Elista 1995 Ch Russia } ) 14.Nd4 O-O 15.Rd1 Be6 16.f3
Nd6 17.Nxe6 fxe6 18.Bc5 Rad8 19.e4 Rfe8 20.exd5 exd5+ 21.Kf2 b6 22.Be3 Re5
23.Bd3 Rf8 24.Rc1 Na5 25.Bd4 Re7 26.Rhe1 Rd7 27.Bc3 Nb3 28.Rcd1 Nc5 29.Re5 Nf7
30.Re3 Nd6 31.Bb1 Nc4 32.Re2 Rfd8 { ...1-0, Kasparov Garry 2760 - Georgiev
Kiril 2595 , Salonika 1988 Olympiad } ) ( 13.e3 Bf5 14.b4 Nb3 15.Ra2 a5 16.b5
Ne7 17.Be2 Rc8 18.Rb2 Nxd2 19.Kxd2 b6 20.Nd4 Be4 21.f3 Bg6 22.Rc1 Kd7 23.Rxc8
Rxc8 24.Rb3 Rc5 25.Rc3 Kd6 26.g4 h5 27.h3 f6 28.Nb3 Rxc3 29.Kxc3 Be8 30.Kd4
hxg4 31.hxg4 Ng6 32.Kc3 Bd7 { ...1/2-1/2, Chekhov Valery A 2415 - Kuzmin
Gennadi P 2530 , Vilnius 1980 Ch URS } ) ( 13.Bc3 O-O 14.e3 Bf5 15.Rd1 Rfd8
16.b4 Na4 17.Ba1 a5 18.b5 Ne7 19.Nd4 Bd7 20.Bd3 Rac8 21.Kd2 Nc5 22.Rc1 b6
23.f3 f6 24.Bb1 Kf7 25.g4 Nb7 26.Rxc8 Rxc8 27.Rc1 Rxc1 28.Kxc1 { 1/2-1/2,
Olivera Alfredo - Bolbochan Julio 2500 , Mar del Plata 1948 It } ) 13...Nb3
14.Rc3 Nxd2 15.Kxd2 Bg4 16.g3 d4 17.Rc5 d3 18.Kxd3 O-O-O+ 19.Kc3 Rhe8 20.h3
Be6 21.Bg2 Bd5 22.Rd1 Be4 23.Rd2 Kb8 24.b4 b6 25.Rc4 f5 26.g4 Rxd2 27.Kxd2
fxg4 28.hxg4 Bd5 29.Rf4 Rd8 30.Kc3 Rc8 31.Kb2 Rd8 32.g5 b5 33.Kc3 Rc8 34.Bh3
Rc7 35.Kd2 a5 36.Nd4 axb4 37.Nxb5 Rf7 { } ( 37...bxa3 { !? } 38.Nxc7 Kxc7
39.Kc3 a2 { } ) 38.Rxf7 Bxf7 39.axb4 Nxb4 40.Nd6 Bg6 41.Nf5 Bxf5 42.Bxf5 g6
43.Be6 Nc6 44.Bg8 Kc7 45.Bxh7 Ne7 46.f4 Kd7 47.e4 Ke8 48.f5 { } {#r} 1-0

[Event "Dos Hermanas Qualifier (14-A)"]
[Site "masterchessopen.com Internet"]
[Date "2003.03.14"]
[Round "4"]
[White "Ivanisevic Ivan (SRB)"]
[Black "Dobrev Nanko (BUL)"]
[Result "1-0"]
[WhiteElo "2533"]
[BlackElo "2416"]

1.d4 Nf6 2.c4 e6 3.Nc3 Bb4 4.Qc2 d5 5.a3 Bxc3+ 6.Qxc3 Ne4 7.Qc2 c5 8.cxd5 exd5
9.dxc5 Nc6 10.Nf3 Qa5+ 11.Bd2 Qxc5 12.Qxc5 Nxc5 13.Be3 Ne4 14.g3 O-O 15.Bg2
Re8 16.Rd1 Be6 17.O-O Rad8 18.Rfe1 Bg4 19.Nd4 Nf6 20.Nxc6 bxc6 21.h3 Bh5 22.g4
Rxe3 23.fxe3 Bg6 24.Rc1 Rd6 25.Rc5 Ne4 26.Ra5 Rd7 27.Rc1 c5 28.Bxe4 Bxe4
29.Raxc5 h5 30.Rc8+ Kh7 31.R8c7 Rd6 32.R1c6 Rd8 33.Rxf7 hxg4 34.hxg4 d4 35.Rc4
Bg6 36.Re7 dxe3 37.Rxe3 Rd2 38.Rc8 Kh6 39.Rc5 Bf7 40.b4 Bd5 41.Kf2 Bb7 42.Re6+
g6 43.Re7 Ba6 44.Kg3 {#r} 1-0

[Event "Dos Hermanas Qualifier (15-B)"]
[Site "masterchessopen.com Internet"]
[Date "2003.03.15"]
[Round "8"]
[White "Ivanisevic Ivan (SRB)"]
[Black "Dobrev Nanko (BUL)"]
[Result "1-0"]
[WhiteElo "2533"]
[BlackElo "2416"]

1.d4 Nf6 2.c4 e6 3.Nc3 Bb4 4.Qc2 d5 5.a3 Bxc3+ 6.Qxc3 Ne4 7.Qc2 c5 8.dxc5 Nc6
9.cxd5 exd5 10.Nf3 Bf5 11.b4 O-O 12.Qb2 b6 13.cxb6 d4 14.e3 d3 15.g4 Bg6
16.Bg2 axb6 17.O-O Qd7 18.Nd2 Rfe8 19.Nxe4 Bxe4 20.f3 Bg6 21.Bd2 Ne5 22.Rac1
b5 23.f4 Nxg4 24.Bxa8 Rxa8 25.Qd4 Qe6 26.Rc5 Be4 27.Rg5 Nf6 28.Bc3 Kh8 29.f5
Qe7 30.Rf4 Bb7 31.Rfg4 d2 32.Qxd2 Rd8 33.Rxg7 Nxg4 34.Rxf7+ Nf6 35.Rxe7 Rxd2
36.Bxd2 {#r} 1-0

[Event "It (open)"]
[Site "masterchessopen.com Bethune (France)"]
[Date "2003.12.30"]
[Round "7"]
[White "Friess Nicolas (FRA)"]
[Black "Bouhallel Rabah (FRA)"]
[Result "0-1"]
[WhiteElo "2139"]
[BlackElo "2337"]

1.d4 Nf6 2.c4 e6 3.Nc3 Bb4 4.Qc2 d5 5.a3 Bxc3+ 6.Qxc3 Ne4 7.Qc2 c5 8.dxc5 Nc6
9.cxd5 exd5 10.Nf3 Bf5 11.b4 Qe7 12.Qb2 O-O 13.Be3 Bg4 14.h3 Bh5 15.g4 Bg6
16.Bg2 Rfe8 17.O-O h5 18.gxh5 Bxh5 19.Rfd1 Rad8 20.Nd4 Ne5 21.Nf5 Qf6 22.Bxe4
dxe4 23.Nd4 Rd5 24.Qb3 Red8 25.Nb5 Rxd1+ 26.Rxd1 Bxe2 27.Rxd8+ Qxd8 28.Bf4
Nf3+ 29.Kg2 Bxb5 {#R} 0-1

[Event "Ch Australia"]
[Site "masterchessopen.com Adelaide (Australia)"]
[Round "10"]
[White "Rej Tomek (AUS)"]
[Black "Solomon Stephen J (AUS)"]
[Result "0-1"]
[WhiteElo "2248"]
[BlackElo "2435"]

1.d4 Nf6 2.c4 e6 3.Nc3 Bb4 4.Qc2 d5 5.a3 Bxc3+ 6.Qxc3 Ne4 7.Qc2 c5 8.dxc5 Nc6
9.e3 Qa5+ 10.Bd2 Qxc5 11.Nf3 Nxd2 12.Nxd2 d4 13.b4 Qe7 14.exd4 Nxd4 15.Qd1 Qg5
16.Ra2 a5 17.b5 b6 18.Nf3 Nxf3+ 19.Qxf3 Bb7 20.Qe3 Qxe3+ 21.fxe3 Ke7 22.Kd2
Rhd8+ 23.Kc3 Rd1 24.Rd2 Re1 25.h4 Rxe3+ 26.Bd3 Rd8 27.Rh3 Rxh3 28.gxh3 h5
29.Rf2 g6 30.Bf1 Rc8 31.Rd2 Rc5 32.Bg2 Bxg2 33.Rxg2 Rf5 34.Rd2 Rf3+ 35.Kd4
Rxa3 36.c5 Ra4+ 37.Kc3 bxc5 {#R} 0-1

[Event "It (open) \"]
[Site "masterchessopen.com Moscow (Russia)"]
[Date "2004.02.20"]
[Round "4"]
[White "Belov Vladimir (RUS)"]
[Black "Lautier Joel (FRA)"]
[Result "0-1"]
[WhiteElo "2552"]
[BlackElo "2682"]

{ } 1.d4 { 1 } 1...Nf6 2.c4 e6 3.Nc3 Bb4 4.Qc2 d5 5.a3 Bxc3+ 6.Qxc3 Ne4 7.Qc2
c5 8.dxc5 Nc6 9.cxd5 exd5 10.Nf3 Bf5 ( 10...O-O 11.b4 Bf5 12.Qb2 Re8 13.e3 d4
14.Bb5 Ng5 15.Bxc6 bxc6 16.Nxd4 Bd3 17.Qb3 Qxd4 18.Bb2 Rxe3+ 19.fxe3 Qxe3+
20.Kd1 Rd8 { 0-1, Klein Erez 2380 - Moulin Pierre 2300 , New York 1995 Ch
Marshall Chess Club (qual) } ) 11.b4 { = } 11...d4 ( 11...O-O 12.Bb2 Re8
13.Rd1 b6 14.e3 bxc5 15.Bb5 Qb6 16.Qa4 Rac8 17.Rxd5 Be6 18.Bxc6 Qxc6 19.Qxc6
Rxc6 20.Re5 Bd7 21.bxc5 Rxc5 22.Rxc5 Nxc5 23.O-O Nd3 24.Bd4 a6 25.Rb1 f6
26.Ba7 Bb5 27.Nd4 Rc8 28.g4 Rc3 29.Ra1 Bd7 30.h3 h5 31.gxh5 { ...1/2-1/2,
Ivanchuk Vassily 2731 - Topalov Veselin 2733 , Monaco 2001 It "Melody Amber"
(active) } ) 12.Qb2 ( 12.g4 Bg6 13.Qc4 d3 14.Be3 Qf6 15.Rd1 Rd8 16.g5 Qf5
17.Bg2 d2+ 18.Nxd2 Nxd2 19.Bxd2 O-O 20.Qf4 Qe6 21.Bxc6 bxc6 22.Rc1 f6 23.Rg1
fxg5 24.Qc4 Rd5 25.Rxg5 Re8 26.Be3 Be4 27.Rxd5 Bxd5 28.Qd4 h6 29.Rc3 Qg6 30.f3
Qh5 31.h4 Re6 { ...1/2-1/2, Topalov Veselin 2735 - Anand Viswanathan 2766 ,
Bastia 2003 It (active) (knockout system) "Corsica Masters" } ) 12...O-O (
12...Qf6 13.e3 O-O-O 14.Bb5 dxe3 15.fxe3 Nc3 16.Be2 Bg4 17.Bd2 Rxd2 18.Qxd2
Nxe2 19.Kxe2 Rd8 20.Qa2 Ne5 21.Raf1 Qg6 22.Rhg1 Qa6+ 23.Kf2 Nd3+ 24.Kg3 Qg6
25.Qe2 Bh5+ { 0-1, Castaldi Vincenzo - Napolitano Mario, Sorrento 1950 Ch
Italy 0-1, Castaldi Vincenzo - Napolitano Mario, 1950 } ) 13.b5 { N } ( 13.e3
d3 14.Bd2 ( 14.Qb3 { ?! } 14...Ne5 { ! } ) 14...Qd5 { ? } ) 13...Qa5+ { ! } (
13...Na5 { ?! } 14.Qb4 { ! } ( 14.Nxd4 { ? } 14...Nc4 { ??+ } ) ( 14.Qxd4 { ?
} 14...Nb3 { ? } ) 14...Rc8 15.Nxd4 Rxc5 16.e3 { ! } ( 16.Nxf5 { ? } 16...Nb3
{ ! } 17.Rb1 ( 17.Qxb3 { ? } 17...Rxc1+ { ??+ } ) ( 17.Qxe4 { ? } 17...Rxc1+ {
??+ } ) 17...Nxc1 { ? } ) 16...Qc8 ( 16...Qc7 17.Bb2 Nc4 18.Nb3 a5 19.bxa6 Rc6
20.Bxc4 Rxc4 21.Qxb7 { +?? } ) 17.Bb2 Nc4 18.Bd3 Nxb2 19.Qxb2 { ± } ) 14.Bd2 (
14.Nd2 Ne5 { ? } ) 14...Nxd2 15.Nxd2 Qc3 { ! } ( 15...Ne5 16.Qxd4 Rfe8 17.e3
Rad8 18.Qb4 { ? } ) 16.Qxc3 dxc3 17.Nb3 ( 17.Nf3 Na5 18.Rc1 ( 18.Nd4 Bg6 (
18...Rfd8 { ? } 19.Nxf5 Nb3 20.Ra2 { +?? } ) 19.Rc1 Rad8 20.e3 Rfe8 { ? } )
18...c2 19.Nd4 Bg6 20.e3 Rfd8 21.Be2 Rac8 { ? } ) ( 17.bxc6 cxd2+ 18.Kxd2
Rfd8+ { ! } 19.Ke1 ( 19.Kc3 Rac8 { ? } ) 19...bxc6 20.g3 ( 20.Rd1 Rxd1+
21.Kxd1 Rd8+ 22.Ke1 Rd5 { ? } ) 20...Rab8 21.Bg2 Rb2 { ? } ) 17...Be6 { ! }
18.bxc6 Bxb3 19.cxb7 ( 19.Rc1 c2 20.Kd2 ( 20.e3 { ? } 20...Rfd8 21.Be2 bxc6 {
? } ) 20...bxc6 21.e4 Rfe8 22.Bd3 Re5 23.Bxc2 Bxc2 24.Rxc2 Rxe4 { = } )
19...Rab8 20.Rc1 { ?! } ( 20.c6 Ba4 21.Rc1 Bxc6 22.Rxc3 Bxb7 { ? } ) 20...c2
21.e3 ( 21.c6 { ? } 21...Rbd8 22.f3 Rd1+ 23.Kf2 Rxc1 24.c7 Be6 25.b8=Q Rb1 {
??+ } ) 21...Rxb7 22.Bd3 Ba4 { !? } ( 22...Rd8 23.c6 Rc7 24.Be4 Ba4 25.Bxc2
Rxc6 26.Rd1 Rxd1+ 27.Bxd1 Rc1 28.Ke2 Ra1 29.Re1 { = } ) 23.Be4 { ?! } ( 23.Ke2
Rb2 { ? } ) 23...Rb2 { ?! } ( 23...Rb5 { ! } 24.c6 Rc5 { ? } ) 24.Kd2 { ! }
24...Rc8 25.c6 f5 { !? } ( 25...Ra2 26.Kc3 a5 27.Kd4 Rxa3 28.Bxc2 Bxc6 { ? } )
26.Bxf5 { ?! } ( 26.Bd5+ Kf8 27.Rhe1 Bxc6 28.Bxc6 Rxc6 29.e4 { ? } ) 26...Rxc6
27.Be4 { ?! } ( 27.Ke2 Ra2 { ? } 28.Bd7 Bb5+ 29.Ke1 Ra1 30.Rxa1 c1=Q+ 31.Rxc1
Rxc1+ 32.Kd2 Rxh1 33.Bxb5 Rxh2 ) 27...Rd6+ 28.Ke2 { ? } ( 28.Kc3 Rb8 29.Bf3 a5
{ ? } ) 28...Rd1 29.Re1 Bb5+ 30.Kf3 Rxe1 ( 30...Rb1 { ? } 31.Rxc2 Rxe1 32.Rc8+
Kf7 33.Rc7+ Kf6 34.Bxb1 Rxb1 35.Rxa7 { ? } ) 31.Rxe1 Be2+ { ! } 32.Kg3 Bd1
33.Bxc2 Bxc2 34.Re2 a5 35.Rd2 Ra2 36.Rd8+ { ?! } ( { ? } 36.Kf4 Bb3 37.Rxa2
Bxa2 38.Ke5 Kf7 39.f4 ) 36...Kf7 37.Rd7+ Kf6 38.Rd6+ Ke5 39.Rd7 Kf6 40.Rd6+
Ke7 41.Rc6 a4 { ??+ } 42.Rc7+ Kf6 43.Rc6+ Ke5 44.Rc7 Kd6 45.Rxg7 Rxa3 46.Kf4
Ra1 47.e4 a3 48.Ra7 Bb3 49.e5+ Kc6 {#R} 0-1

[Event "Ch Russia (qual)"]
[Site "masterchessopen.com St. Petersburg (Russia)"]
[Round "4"]
[White "Popov Valerij (RUS)"]
[Black "Romanov Evgeny (RUS)"]
[Result "0-1"]
[WhiteElo "2583"]
[BlackElo "2448"]

1.d4 Nf6 2.c4 e6 3.Nc3 Bb4 4.Qc2 d5 5.a3 Bxc3+ 6.Qxc3 Ne4 7.Qc2 c5 8.dxc5 Nc6
9.cxd5 exd5 10.Nf3 Bf5 11.b4 O-O 12.Qb2 d4 13.g3 Re8 14.Bg2 Nc3 15.e3 Bd3
16.Bd2 Qf6 17.b5 Nxb5 18.O-O-O Qe6 19.Ne1 Qc4+ {#R} 0-1

[Event "Ch World (seniors)"]
[Site "masterchessopen.com Halle (Germany)"]
[Date "2004.10.28"]
[Round "5"]
[White "Kot Jerzy (POL)"]
[Black "Saidy Anthony F (USA)"]
[Result "1-0"]
[WhiteElo "2230"]
[BlackElo "2332"]

1.d4 Nf6 2.c4 e6 3.Nc3 Bb4 4.Qc2 d5 5.a3 Bxc3+ 6.Qxc3 Ne4 7.Qc2 Nc6 8.e3 e5
9.cxd5 Qxd5 10.f3 Nf6 11.dxe5 Qxe5 12.Bd2 Be6 13.Ba6 Bf5 14.Qc1 Bc8 15.Ne2 O-O
16.O-O Rd8 17.Rd1 h6 18.e4 Qe7 19.Qc2 Nh7 20.Bf4 Nf8 21.Bb5 Rxd1+ 22.Rxd1 Ne5
23.Qc3 Nfg6 24.Be3 c6 25.Ba4 f6 26.h3 Nf7 27.b4 a6 28.Bb6 Bd7 29.Qd3 Be8 30.f4
Nf8 31.Bb3 Nd7 32.Be3 a5 33.b5 Nc5 34.Bxc5 Qxc5+ 35.Kh2 Qxb5 36.Bc4 Qc5 37.Ng3
Kf8 38.Rc1 Rd8 39.Qb1 Qa7 40.e5 fxe5 41.fxe5 Nxe5 42.Rf1+ Nf7 43.Qg6 Rd7
44.Be6 Qd4 45.Bxd7 Qxd7 46.Qh7 Qd6 47.Qh8+ Ke7 48.Re1+ Qe5 {#r} 1-0

[Event "Ch PriFO"]
[Site "masterchessopen.com Izhevsk (Russia)"]
[Date "2005.03.23"]
[Round "8"]
[White "Khismatullin Denis (RUS)"]
[Black "Kalegin Evgenij (RUS)"]
[Result "1-0"]
[WhiteElo "2578"]
[BlackElo "2470"]

1.d4 Nf6 2.c4 e6 3.Nc3 Bb4 4.Qc2 d5 5.a3 Bxc3+ 6.Qxc3 Ne4 7.Qc2 Nc6 8.e3 e5
9.cxd5 Qxd5 10.Bc4 Qa5+ 11.b4 Nxb4 12.Qxe4 Nc2+ 13.Ke2 Qe1+ 14.Kf3 Nxa1 15.Bb2
O-O 16.Kg3 h6 17.h3 Re8 18.Kh2 Qxf2 19.Bxa1 Bf5 20.Qxb7 Qxe3 21.Qf3 Qxf3
22.Nxf3 exd4 23.Nxd4 Bg6 24.Nc6 Be4 25.Nd4 Bg6 26.Rf1 Re4 27.Bd5 Rd8 28.Bxe4
Bxe4 29.Rc1 c6 30.g4 Rd6 31.Kg3 f6 32.Re1 Bg6 33.Rc1 Be4 34.Rc5 a6 35.Bc3 Kf7
36.Kf2 Ke8 37.Ke3 Bd5 38.Nf5 Re6+ 39.Kf2 Kf7 40.Ra5 Bc4 41.Ra4 Bb5 42.Rd4 c5
43.Rd5 Re2+ 44.Kg1 c4 45.Rc5 g6 46.Rc7+ {#r} 1-0

[Event "Ch European Union"]
[Site "masterchessopen.com Cork (Ireland)"]
[Date "2005.03.25"]
[Round "4"]
[White "Almond Richard (ENG)"]
[Black "Howell David WL (ENG)"]
[Result "0-1"]
[WhiteElo "2096"]
[BlackElo "2475"]

1.d4 Nf6 2.c4 e6 3.Nc3 Bb4 4.Qc2 d5 5.a3 Bxc3+ 6.Qxc3 Ne4 7.Qc2 c5 8.dxc5 Nc6
9.Nf3 e5 10.e3 Bf5 11.Bd3 Bg6 12.b4 Ng5 13.Nxg5 Qxg5 14.O-O e4 15.Be2 O-O-O
16.Qa4 Kb8 17.Bb2 d4 18.b5 d3 19.bxc6 dxe2 20.Rfb1 Qxc5 21.Bd4 Qxc6 22.Qxa7+
Kc8 23.Rb5 Qa6 24.Qc5+ Qc6 25.Qb4 Qd6 26.c5 Qc7 27.Qa4 Qc6 28.Qb4 Bh5 29.Rb6
Qc7 30.Qa4 Rd5 31.Qa5 Rhd8 32.Qa4 Rxc5 33.g4 Rc1+ 34.Kg2 e1=Q 35.Qa8+ Qb8
36.Rxc1+ Qxc1 37.Rc6+ bxc6 38.Qa6+ Qb7 {#R} 0-1

[Event "Ch Europe (team)"]
[Site "masterchessopen.com Goteborg (Sweden)"]
[Date "2005.08.06"]
[Round "8"]
[White "Aronian Levon (ARM)"]
[Black "Palac Mladen (CRO)"]
[Result "0-1"]
[WhiteElo "2724"]
[BlackElo "2571"]

{ } 1.d4 Nf6 2.c4 e6 3.Nc3 Bb4 4.Qc2 d5 5.a3 Bxc3+ 6.Qxc3 Ne4 7.Qc2 c5 8.dxc5
Nc6 9.Nf3 Qa5+ 10.Nd2 ( 10.Bd2 Qxc5 11.e3 Nxd2 12.Nxd2 dxc4 13.Nxc4 O-O 14.Bd3
h6 15.O-O Ne5 16.b4 Qc7 17.Nxe5 Qxe5 18.Rac1 Bd7 19.Qc7 Qd5 20.Bc4 Qc6 21.Be2
Qa4 22.Qxb7 a5 23.Rfd1 Rad8 24.bxa5 Qxa3 25.a6 Ba4 26.Rf1 Rd7 27.Qe4 Bb3
28.Ra1 Qc5 29.Rfc1 Qa7 { ...1-0, Hjartarson Johann 2555 - Sokolov Andrei 2595
, Madrid 1989 It (active) } ) 10...Nd4 { = } 11.Qd1 ( 11.Qd3 e5 12.b4 Qa4
13.Ra2 Bf5 14.Nxe4 Bxe4 15.Qc3 Nc2+ 16.Rxc2 d4 17.Qg3 Qxc2 18.Qxe5+ Kf8 19.Qf4
Re8 20.Qd2 Qxc4 21.f3 Bg6 22.e4 Qc3 23.Bb2 Qxd2+ 24.Kxd2 Rd8 25.Bc4 Ke7 26.Bd5
Rd7 27.Bxd4 Rhd8 28.Ke3 f5 29.Be5 Bf7 30.Bd6+ Kf6 { ...1-0, Burmakin Vladimir
2538 - Markarov Arsen 2308 , St. Petersburg 2000 Memorial A.Petrov (open) } )
11...Bd7 ( 11...Nxc5 12.b4 Qa4 13.Ra2 Qxd1+ 14.Kxd1 Na4 15.Bb2 { 1/2-1/2,
Kiriakov Petr 2545 - Balashov Yuri S 2580 , Perm 1998 Cup Russia } ) 12.b4 Qa4
13.Nxe4 Nc2+ 14.Kd2 Nxa1 15.Nd6+ Ke7 { +0.29 CAP } 16.Bb2 { N } ( 16.Qxa4 Bxa4
17.cxd5 Nb3+ 18.Kc3 Nxc1 19.e4 a5 20.Bc4 b5 21.Nxb5 Na2+ 22.Kb2 Bxb5 23.d6+
Kf6 24.Bxb5 axb4 25.Kxa2 Rxa3+ 26.Kb2 Ra5 27.c6 Rxb5 28.c7 Rc8 29.Rc1 Rbb8
30.f4 Ra8 31.h4 e5 32.f5 h5 33.Rc6 g6 34.d7+ Ke7 35.dxc8=Q Rxc8 { ...1-0,
Ivanov Sergey_ 2550 - Yemelin Vasily 2510 , St. Petersburg 1998 Ch St.
Petersburg } ) 16...Nb3+ 17.Ke1 a5 18.e4 { ? } ( 18.e3 axb4 19.Qh5 Nxc5 20.Be5
{ } ) 18...axb4 19.Qh5 { ?! } ( 19.Qg4 { !? } ) 19...Nxc5 20.Be5 f6 21.Qf7+
Kd8 22.Qxg7 fxe5 23.Qxh8+ Ke7 24.Nf5+ exf5 25.Qxe5+ Kd8 26.Qf6+ Kc7 27.e5 Ne4
{ } {#R} 0-1